000 01654cam a2200277 4500500
005 20260222002738.0
041 _afre
042 _adc
100 1 0 _aChanvallon, Stéphanie
_eauthor
245 0 0 _aRegard sur la rencontre animale et pistes méthodologiques
260 _c2016.
500 _a22
520 _aPour parler de la rencontre d’un homme et d’un animal sauvage, de leurs interactions, il faut surmonter des difficultés d’ordre ontologique, méthodologique et éthique. Des questionnements aux observations sur le terrain, à la compréhension des comportements, entre rationalité et subjectivité, se dessinent des perspectives de recherche au carrefour des sciences sociales et du vivant.
520 _aA methodology to study encounters with animalsTo describe encounters between humans and wild animals and interactions between them, a series of obstacles – ontological, methodological and ethical – needs to be overcome. Out of the questions posed, field observations, and understanding of behaviours, between rationality and subjectivity, opportunities for research may emerge at the crossroads of the social sciences and natural sciences.
690 _aanecdote
690 _aéthique
690 _améthodologie
690 _aontologie
690 _arelations homme/animal sauvage
690 _aethics
690 _ahuman/wild animal relationships
690 _amethodology
690 _aontology
786 0 _nNatures Sciences Sociétés | 24 | 1 | 2016-05-17 | p. 57-66 | 1240-1307
856 4 1 _uhttps://stm.cairn.info/revue-natures-sciences-societes-2016-1-page-57?lang=fr&redirect-ssocas=7080
999 _c1665871
_d1665871